[Event "C.to Regionale Valle d'Aosta"]
[Site "Saint Vincent - Chatillon ITA"]
[Date "2002.10.04"]
[Round "7"]
[White "Yeuillaz, Corrado"]
[Black "Barlocco, Carlo"]
[Result "1/2-1/2"]
[WhiteElo "2231"]
[BlackElo "2136"]
[PlyCount "42"]
[EventDate "2002.09.28"]

1. e4 e5 2. Nf3 Nc6 3. Bb5 a6 4. Ba4 Nf6 5. O-O Be7 6. Re1 b5 7. Bb3 d6 8. c3
O-O 9. h3 Na5 10. Bc2 c5 11. d4 Qc7 12. Nbd2 cxd4 13. cxd4 Bd7 14. Bb1 Nc6 15.
Nf1 Rac8 16. Ne3 Qa7 17. dxe5 dxe5 18. Nd5 Bc5 19. Be3 Rfd8 20. Bxc5 Qxc5 21.
Bd3 Be6 1/2-1/2

[Event "C.to Regionale Valle d'Aosta"]
[Site "Saint Vincent - Chatillon ITA"]
[Date "2002.10.05"]
[Round "8"]
[White "Aurel, Luc"]
[Black "Folk, Petr"]
[Result "0-1"]
[WhiteElo "2163"]
[BlackElo "2279"]
[PlyCount "130"]
[EventDate "2002.09.28"]

1. Nf3 Nf6 2. c4 g6 3. Nc3 Bg7 4. d4 O-O 5. Bg5 d6 6. e3 c5 7. Be2 cxd4 8. exd4
h6 9. Bxf6 Bxf6 10. O-O Bg4 11. Qb3 Qd7 12. Nd5 Bg7 13. Ne3 Bxf3 14. Bxf3 Nc6
15. Bxc6 bxc6 16. Rad1 Rab8 17. Qc2 Rfc8 18. b3 d5 19. f4 e6 20. c5 a5 21. Ng4
Rb4 22. Ne5 Qa7 23. a3 Rb5 24. Rd3 Qb7 25. g4 Qe7 26. Kh1 g5 27. Qf2 Rc7 28.
Qg3 gxf4 29. Qxf4 Qg5 30. Qxg5 hxg5 31. Nf3 Bf6 32. Kg2 Rcb7 33. Rb1 Kg7 34. h4
gxh4 35. g5 Be7 36. Kh3 f6 37. gxf6+ Bxf6 38. Nxh4 Rb8 39. Nf3 Kf7 40. Kg2 Rg8+
41. Kf2 Rg4 42. b4 Ke7 43. Rbb3 axb4 44. Rxb4 Rxb4 45. axb4 Re4 46. Rd2 Kd7 47.
Rd1 Kc7 48. Rd2 Kb7 49. Rd1 Ka6 50. Ra1+ Kb5 51. Ra5+ Kxb4 52. Ra6 Bxd4+ 53.
Nxd4 Rxd4 54. Rxc6 Re4 55. Rc8 Kb5 56. Kf3 Re1 57. Kf2 Re5 58. Kf3 Re4 59. Kf2
d4 60. c6 Kb6 61. Kf3 Re3+ 62. Kf2 e5 63. Kf1 d3 64. Kf2 Re2+ 65. Kf1 e4 0-1

[Event "C.to Regionale Valle d'Aosta"]
[Site "Saint Vincent - Chatillon ITA"]
[Date "2002.10.05"]
[Round "8"]
[White "Lacrosse, Marc"]
[Black "Yeuillaz, Corrado"]
[Result "1-0"]
[WhiteElo "2244"]
[BlackElo "2231"]
[PlyCount "115"]
[EventDate "2002.09.28"]

1. d4 d6 2. c4 g6 3. e4 Bg7 4. Nc3 Nc6 5. d5 Nd4 6. Be3 c5 7. Nge2 Qb6 8. Na4
Qa5+ 9. Bd2 Qc7 10. Bc3 e5 11. dxe6 Bxe6 12. Nxd4 cxd4 13. Bxd4 Nf6 14. Nc3 O-O
15. Rc1 Rfe8 16. Be2 Bxc4 17. Bxf6 Bxf6 18. Nd5 Qa5+ 19. b4 Qxd5 20. exd5 Rxe2+
21. Qxe2 Bxe2 22. Kxe2 a5 23. b5 Bd4 24. f3 b6 25. Kd3 Bc5 26. a4 Rc8 27. Rhe1
Kf8 28. g4 Rc7 29. Re4 g5 30. Rc2 Kg7 31. Re8 Kf6 32. Rg8 h6 33. Re8 Kg7 34.
Rc4 Kf6 35. h3 Kg6 36. Rg8+ Kf6 37. f4 Rb7 38. fxg5+ hxg5 39. h4 gxh4 40. Rf4+
Ke7 41. Rh8 Rc7 42. Rxh4 Kf8 43. Rh8+ Kg7 44. Re8 Bb4 45. Rc4 Bc5 46. Ke4 Kg6
47. Rc1 Kf6 48. Kf3 Kg6 49. Ke4 Kf6 50. Rc4 Kg6 51. Kf3 Kg7 52. g5 Kg6 53. Kg4
Rd7 54. Rf4 Rc7 55. Rf6+ Kg7 56. Rh6 Bd4 57. Rhh8 f6 58. Reg8+ 1-0

[Event "C.to Regionale Valle d'Aosta"]
[Site "Saint Vincent - Chatillon ITA"]
[Date "2002.10.06"]
[Round "9"]
[White "Aurel, Luc"]
[Black "Lacrosse, Marc"]
[Result "0-1"]
[WhiteElo "2163"]
[BlackElo "2244"]
[PlyCount "88"]
[EventDate "2002.09.28"]

1. g3 d5 2. Bg2 Nf6 3. d3 c6 4. Nf3 Bg4 5. O-O Nbd7 6. c4 e6 7. Nc3 Bc5 8. Qc2
O-O 9. cxd5 exd5 10. e4 dxe4 11. dxe4 Re8 12. Bf4 h6 13. Rad1 Qe7 14. Rfe1 g5
15. e5 Nh7 16. e6 Bxe6 17. Bc1 Rad8 18. h4 gxh4 19. Nxh4 Ng5 20. Na4 Bb4 21.
Re3 Nf6 22. Rxd8 Qxd8 23. a3 Bf8 24. Rd3 Qe7 25. Be3 Bd5 26. Rd1 Bxg2 27. Kxg2
Qe4+ 28. Qxe4 Ngxe4 29. Nf5 Re5 30. Nxh6+ Bxh6 31. Bxh6 Nxf2 32. Bf4 Nxd1 33.
Bxe5 Nd7 34. Bd4 b5 35. Nc3 Nxc3 36. Bxc3 Kf8 37. Kf3 Ke7 38. Ke4 Ke6 39. g4
Nc5+ 40. Kf4 Na4 41. Bg7 f6 42. g5 fxg5+ 43. Kxg5 Kd5 44. Kf4 Kc4 0-1

[Event "C.to Regionale Valle d'Aosta"]
[Site "Saint Vincent - Chatillon ITA"]
[Date "2002.10.06"]
[Round "9"]
[White "Folk, Petr"]
[Black "Frank, Albert"]
[Result "1-0"]
[WhiteElo "2279"]
[BlackElo "2057"]
[PlyCount "33"]
[EventDate "2002.09.28"]

1. e4 e6 2. d4 b6 3. Bd3 Bb7 4. Qe2 d6 5. f4 Nd7 6. Nf3 Ne7 7. O-O g6 8. f5
gxf5 9. exf5 Bxf3 10. Rxf3 e5 11. Bg5 Rg8 12. Rg3 Bg7 13. Nc3 f6 14. Bc4 d5 15.
Qh5+ Kf8 16. Nxd5 Nxf5 17. Nxf6 1-0

[Event "C.to Regionale Valle d'Aosta"]
[Site "Saint Vincent - Chatillon ITA"]
[Date "2002.10.06"]
[Round "9"]
[White "Pesco, Giuseppe"]
[Black "Mrdja, Milan"]
[Result "1/2-1/2"]
[WhiteElo "1833"]
[BlackElo "2370"]
[PlyCount "30"]
[EventDate "2002.09.28"]

1. d4 e6 2. Nf3 c5 3. c3 d5 4. Bf4 Nc6 5. e3 Bd6 6. Bg3 Nge7 7. Be2 O-O 8. O-O
Nf5 9. Nbd2 Nxg3 10. hxg3 cxd4 11. exd4 Bd7 12. Bd3 g6 13. Re1 a6 14. Ne5 Qc7
15. Ndf3 Rae8 1/2-1/2

[Event "III Mitropa Cup juniores"]
[Site "Saint Vincent - Chatillon ITA"]
[Date "2002.09.28"]
[Round "1"]
[White "Bellaiche, Anthony"]
[Black "Kurmann, Oliver"]
[Result "1/2-1/2"]
[WhiteElo "2369"]
[BlackElo "2214"]
[PlyCount "97"]
[EventDate "2002.09.28"]

1. e4 e6 2. d4 d5 3. Nc3 Nf6 4. Bg5 Bb4 5. e5 h6 6. Bd2 Bxc3 7. bxc3 Ne4 8. Qg4
g6 9. Bd3 Nxd2 10. Kxd2 c5 11. Nf3 Bd7 12. h4 Qe7 13. Rab1 c4 14. Be2 Bc6 15.
Qf4 Nd7 16. Nh2 O-O-O 17. Ng4 Rdf8 18. Nf6 Nxf6 19. exf6 Qa3 20. g4 Kd7 21. Qe5
b5 22. f4 a5 23. Rhe1 b4 24. Qe3 Rb8 25. cxb4 Qxe3+ 26. Kxe3 axb4 27. Rh1 Rhg8
28. Rb2 Rb7 29. h5 gxh5 30. Rxh5 Ra8 31. Rxh6 Ra3+ 32. Kf2 c3 33. Rb1 Rxa2 34.
Rh7 Kd6 35. g5 b3 36. g6 bxc2 37. Rc1 fxg6 38. Rxb7 Bxb7 39. Bd3 Bc6 40. Rxc2
Rxc2+ 41. Bxc2 Be8 42. Ke2 g5 43. fxg5 e5 44. Kd3 e4+ 45. Kxc3 Ke6 46. Bb3 Bf7
47. Kd2 Kf5 48. Ke3 Kxg5 49. Bc2 1/2-1/2

[Event "III Mitropa Cup juniores"]
[Site "Saint Vincent - Chatillon ITA"]
[Date "2002.09.28"]
[Round "1"]
[White "Kuljasevic, Davorin"]
[Black "Isonzo, David"]
[Result "1/2-1/2"]
[WhiteElo "2365"]
[BlackElo "2337"]
[PlyCount "108"]
[EventDate "2002.09.28"]

1. Nf3 Nf6 2. d4 g6 3. g3 Bg7 4. Bg2 O-O 5. c4 d6 6. Nc3 Nc6 7. O-O a6 8. b3
Rb8 9. e3 b5 10. Qe2 e5 11. dxe5 Ng4 12. cxb5 axb5 13. Bb2 Ngxe5 14. Nxe5 Nxe5
15. Rac1 Bf5 16. e4 Bg4 17. f3 Bd7 18. Rfd1 h5 19. Qd2 h4 20. f4 Ng4 21. h3 b4
22. Nd5 Bxb2 23. Qxb2 c6 24. hxg4 cxd5 25. Rxd5 Bxg4 26. Rg5 Qb6+ 27. Qf2 Qxf2+
28. Kxf2 hxg3+ 29. Kxg3 Bh5 30. Rd5 Rfc8 31. Rxc8+ Rxc8 32. Rxd6 Rc3+ 33. Kh4
Rc2 34. Bh3 Rxa2 35. Rd4 Rb2 36. Rxb4 Bd1 37. Rb8+ Kg7 38. b4 Rf2 39. f5 Rf4+
40. Kg5 Rxe4 41. f6+ Kh7 42. b5 Rb4 43. b6 Rb5+ 44. Kf4 g5+ 45. Ke3 Rb3+ 46.
Kd2 Rxh3 47. b7 Rb3 48. Kxd1 g4 49. Ke2 Rb6 50. Ke3 g3 51. Kf3 Rxf6+ 52. Kxg3
Rb6 53. Kf4 Kg7 54. Kf5 Rb1 1/2-1/2

[Event "III Mitropa Cup juniores"]
[Site "Saint Vincent - Chatillon ITA"]
[Date "2002.09.28"]
[Round "1"]
[White "Lain, Luigi"]
[Black "Ortega, Lexy"]
[Result "1/2-1/2"]
[WhiteElo "2160"]
[BlackElo "2467"]
[PlyCount "63"]
[EventDate "2002.09.28"]

1. d4 d5 2. c4 e6 3. Nc3 c6 4. Bf4 dxc4 5. a4 Bb4 6. e3 b5 7. axb5 Nf6 8. Bxc4
Nd5 9. Nge2 Bb7 10. Bg3 O-O 11. O-O Bxc3 12. Nxc3 Nxc3 13. bxc3 cxb5 14. Bd3
Qd5 15. f3 a6 16. Qb1 f5 17. Rc1 Qd7 18. c4 bxc4 19. Bxc4 Bc6 20. Qa2 Re8 21.
Bxb8 Raxb8 22. Qxa6 f4 23. Bd3 Ra8 24. Qb6 fxe3 25. Rxa8 Rxa8 26. Kf1 Bd5 27.
Rc7 Qd8 28. Qc5 Qh4 29. Rc8+ Rxc8 30. Qxc8+ Kf7 31. Qc7+ Kf8 32. Qc8+ 1/2-1/2

[Event "III Mitropa Cup juniores"]
[Site "Saint Vincent - Chatillon ITA"]
[Date "2002.09.28"]
[Round "1"]
[White "Piscopo, Pierluigi"]
[Black "Langheinrich, Ferenc"]
[Result "1-0"]
[WhiteElo "2289"]
[BlackElo "2360"]
[PlyCount "67"]
[EventDate "2002.09.28"]

1. e4 c5 2. Nf3 d6 3. c3 Nf6 4. Be2 g6 5. O-O Bg7 6. Bb5+ Bd7 7. Bxd7+ Nbxd7 8.
Re1 O-O 9. d4 cxd4 10. cxd4 d5 11. e5 Ne4 12. Nbd2 Nxd2 13. Bxd2 Qb6 14. a4
Rac8 15. Ra3 Rc4 16. h4 Rfc8 17. Rb3 Qa6 18. h5 Nf8 19. h6 Bh8 20. Ng5 Ne6 21.
Nxe6 Qxe6 22. Bc3 b6 23. a5 bxa5 24. Bxa5 Qf5 25. Bc3 Qf4 26. Rb7 Re8 27. Rxa7
f6 28. g3 Qf5 29. exf6 Bxf6 30. Qe2 Kf8 31. Kg2 g5 32. Qh5 Bxd4 33. Bxd4 Rxd4
34. Rexe7 1-0

[Event "III Mitropa Cup juniores"]
[Site "Saint Vincent - Chatillon ITA"]
[Date "2002.09.29"]
[Round "2"]
[White "Langheinrich, Ferenc"]
[Black "Lain, Luigi"]
[Result "1/2-1/2"]
[WhiteElo "2360"]
[BlackElo "2160"]
[PlyCount "63"]
[EventDate "2002.09.28"]

1. e4 e5 2. Nf3 Nc6 3. Bb5 a6 4. Ba4 Nf6 5. Qe2 b5 6. Bb3 Be7 7. O-O d6 8. c3
Bg4 9. h3 Bh5 10. d3 O-O 11. Rd1 Na5 12. Bc2 c5 13. Nbd2 Nc6 14. Nf1 Ne8 15.
Ng3 Bxf3 16. Qxf3 Bg5 17. Bxg5 Qxg5 18. a4 Nc7 19. axb5 axb5 20. Rxa8 Rxa8 21.
Bb3 Nd8 22. Nf5 Qf6 23. Qg4 g6 24. Nh6+ Kf8 25. Qd7 Qe7 26. Qxe7+ Kxe7 27. Ng8+
Kf8 28. Nf6 Nde6 29. g3 Ke7 30. Nd5+ Nxd5 31. Bxd5 Ra6 32. h4 1/2-1/2

[Event "III Mitropa Cup juniores"]
[Site "Saint Vincent - Chatillon ITA"]
[Date "2002.09.30"]
[Round "3"]
[White "Bellaiche, Anthony"]
[Black "Ortega, Lexy"]
[Result "0-1"]
[WhiteElo "2369"]
[BlackElo "2467"]
[PlyCount "68"]
[EventDate "2002.09.28"]

1. e4 c5 2. Nf3 e6 3. d4 cxd4 4. Nxd4 a6 5. Bd3 Nf6 6. Nc3 Qc7 7. Be3 Bc5 8.
Qe2 d6 9. O-O-O O-O 10. f4 b5 11. Nb3 Bb7 12. Bd2 Nbd7 13. Rhe1 b4 14. Na4 Bc6
15. Naxc5 dxc5 16. e5 Nd5 17. f5 Bb5 18. f6 g6 19. Bc4 Rfc8 20. Bg5 N7b6 21.
Nd2 Nc3 22. bxc3 bxc3 23. Bh4 h6 24. Qe3 cxd2+ 25. Rxd2 Kh7 26. Be2 Bxe2 27.
Rdxe2 Rab8 28. Rd1 Nc4 29. Qc3 Rb4 30. a3 Qa5 31. Be1 Nxa3 32. Rd7 Rb1+ 33. Kd2
Nc4+ 34. Kd3 Nxe5+ 0-1

[Event "III Mitropa Cup juniores"]
[Site "Saint Vincent - Chatillon ITA"]
[Date "2002.09.30"]
[Round "3"]
[White "Cernousek, Lukas"]
[Black "Langheinrich, Ferenc"]
[Result "0-1"]
[WhiteElo "2294"]
[BlackElo "2360"]
[PlyCount "58"]
[EventDate "2002.09.28"]

1. e4 c6 2. d4 d5 3. exd5 cxd5 4. c4 Nf6 5. Nc3 Nc6 6. Nf3 Bg4 7. cxd5 Nxd5 8.
Qb3 Bxf3 9. gxf3 Nb6 10. Be3 e6 11. O-O-O Be7 12. d5 exd5 13. Nxd5 Nxd5 14.
Rxd5 Qc7 15. Kb1 O-O 16. f4 Nb4 17. Rd4 Nc6 18. Rd1 Rad8 19. Bg2 Na5 20. Qb5 b6
21. Be4 Qc4 22. Qxc4 Nxc4 23. Bd4 Bb4 24. Rhg1 g6 25. Ka1 Nd2 26. Bf6 Rd6 27.
Be7 Nxe4 28. Bxf8 Kxf8 29. a3 Nxf2 0-1

[Event "III Mitropa Cup juniores"]
[Site "Saint Vincent - Chatillon ITA"]
[Date "2002.09.30"]
[Round "3"]
[White "Isonzo, David"]
[Black "Kurmann, Oliver"]
[Result "1/2-1/2"]
[WhiteElo "2337"]
[BlackElo "2214"]
[PlyCount "29"]
[EventDate "2002.09.28"]

1. c4 e5 2. Nc3 Nf6 3. g3 d5 4. cxd5 Nxd5 5. Bg2 Nb6 6. Nf3 Nc6 7. O-O Be7 8.
a3 Be6 9. d3 O-O 10. b4 f6 11. Bb2 a5 12. b5 Nd4 13. Nxd4 exd4 14. Na4 Bd5 15.
Bh3 1/2-1/2

[Event "III Mitropa Cup juniores"]
[Site "Saint Vincent - Chatillon ITA"]
[Date "2002.09.30"]
[Round "3"]
[White "Kuljasevic, Davorin"]
[Black "Paehtz, Thomas sr"]
[Result "0-1"]
[WhiteElo "2365"]
[BlackElo "2455"]
[PlyCount "96"]
[EventDate "2002.09.28"]

1. d4 Nf6 2. Nf3 g6 3. g3 Bg7 4. Bg2 O-O 5. c4 d6 6. Nc3 Nc6 7. O-O a6 8. b3
Rb8 9. e3 b5 10. Qe2 e6 11. Bb2 b4 12. Na4 Qe7 13. e4 e5 14. d5 Na7 15. Nd2 c5
16. f4 Bd7 17. Nxc5 dxc5 18. Bxe5 Rbe8 19. Rae1 Qd8 20. Bxf6 Qxf6 21. e5 Qb6
22. Kh1 Nc8 23. Qf2 Bf5 24. h3 Qa5 25. Nf3 f6 26. e6 Nd6 27. g4 Bd3 28. Rg1 Ne4
29. Rxe4 Bxe4 30. Nh4 Bxg2+ 31. Qxg2 Qc7 32. f5 g5 33. Nf3 Rd8 34. Nd2 Rfe8 35.
Ne4 Qe5 36. Nxc5 Bf8 37. Ne4 Kg7 38. Rd1 Be7 39. Qf3 Rh8 40. Rd2 h5 41. gxh5
Rxh5 42. Qxh5 Qxe4+ 43. Rg2 Qe1+ 44. Rg1 Qe4+ 45. Rg2 Qb1+ 46. Rg1 Qxf5 47. Kg2
Qc2+ 48. Kf1 Rf8 0-1

[Event "III Mitropa Cup juniores"]
[Site "Saint Vincent - Chatillon ITA"]
[Date "2002.09.30"]
[Round "3"]
[White "Lain, Luigi"]
[Black "Flumbort, Andras"]
[Result "1-0"]
[WhiteElo "2160"]
[BlackElo "2437"]
[PlyCount "125"]
[EventDate "2002.09.28"]

1. d4 Nf6 2. c4 g6 3. f3 d5 4. cxd5 Nxd5 5. e4 Nb6 6. Nc3 Bg7 7. Be3 O-O 8. Qd2
Nc6 9. O-O-O f5 10. e5 Nb4 11. Kb1 N4d5 12. Nxd5 Nxd5 13. Bh6 f4 14. Bxg7 Kxg7
15. g3 c5 16. dxc5 Bf5+ 17. Ka1 Ne3 18. Qxd8 Rfxd8 19. Rc1 Rd2 20. Bh3 Bd3 21.
Bd7 Bf1 22. Bh3 Bd3 23. Bd7 e6 24. Nh3 Bf1 25. Bxe6 Rad8 26. Nxf4 Rd1 27. Rxf1
Nxf1 28. Kb1 g5 29. Nh5+ Kg6 30. g4 Nd2+ 31. Kc2 Rxc1+ 32. Kxc1 Nxf3 33. Bf5+
Kf7 34. e6+ Ke7 35. Be4 Ne5 36. Bxh7 Nxg4 37. Be4 Rc8 38. b4 Rc7 39. Ng7 Nf2
40. Bc2 Ng4 41. Bb3 Nh6 42. Bd5 Kf8 43. Nh5 Ng4 44. Kd2 a5 45. a3 axb4 46. axb4
Rh7 47. h3 Ne5 48. Nf6 Rxh3 49. Bxb7 Rb3 50. Nd5 Nf3+ 51. Kd1 Nd4 52. e7+ Kf7
53. c6 Nb5 54. Kc2 Nd4+ 55. Kd2 Nb5 56. Bc8 Nd6 57. Bd7 Ra3 58. c7 Ra8 59. b5
g4 60. Ke3 g3 61. Kf3 Ra3+ 62. Kg2 Ra2+ 63. Kxg3 1-0

[Event "III Mitropa Cup juniores"]
[Site "Saint Vincent - Chatillon ITA"]
[Date "2002.09.30"]
[Round "4"]
[White "Flumbort, Andras"]
[Black "Cernousek, Lukas"]
[Result "1-0"]
[WhiteElo "2437"]
[BlackElo "2294"]
[PlyCount "53"]
[EventDate "2002.09.28"]

1. d4 d5 2. c4 c6 3. e3 e6 4. Nf3 Bd6 5. Bd3 f5 6. O-O Nf6 7. b3 O-O 8. Ba3
Bxa3 9. Nxa3 Bd7 10. b4 Qe7 11. Qb3 Ne4 12. Qb2 Rf6 13. Ne5 Rh6 14. f3 Qh4 15.
g4 Ng5 16. Kh1 f4 17. Rae1 Nh3 18. e4 Be8 19. b5 Nd7 20. bxc6 Nxe5 21. dxe5
Bxc6 22. exd5 exd5 23. cxd5 Bxd5 24. Bc4 Bxc4 25. Nxc4 Ng5 26. Nd6 Ne6 27. Nf5
1-0

[Event "III Mitropa Cup juniores"]
[Site "Saint Vincent - Chatillon ITA"]
[Date "2002.09.30"]
[Round "4"]
[White "Langheinrich, Ferenc"]
[Black "Bellaiche, Anthony"]
[Result "1-0"]
[WhiteElo "2360"]
[BlackElo "2369"]
[PlyCount "55"]
[EventDate "2002.09.28"]

1. e4 c5 2. Nf3 Nc6 3. Bb5 Nf6 4. e5 Nd5 5. O-O Nc7 6. Bxc6 dxc6 7. h3 g6 8. d3
Bg7 9. Nc3 O-O 10. Ne4 Ne6 11. Be3 b6 12. Qd2 Qc7 13. Bh6 Nd4 14. Nxd4 cxd4 15.
Bxg7 Kxg7 16. f4 f6 17. exf6+ exf6 18. Rae1 Be6 19. Qf2 Qd7 20. Re2 Rae8 21.
Rfe1 Bf5 22. Nxf6 Kxf6 23. Qh4+ g5 24. Qxg5+ Kf7 25. Re5 Rxe5 26. Rxe5 Be6 27.
Qh5+ Ke7 28. f5 1-0

[Event "III Mitropa Cup juniores"]
[Site "Saint Vincent - Chatillon ITA"]
[Date "2002.09.30"]
[Round "4"]
[White "Ortega, Lexy"]
[Black "Kuljasevic, Davorin"]
[Result "1/2-1/2"]
[WhiteElo "2467"]
[BlackElo "2365"]
[PlyCount "61"]
[EventDate "2002.09.28"]

1. d4 d5 2. c4 c6 3. Nf3 Nf6 4. Nc3 a6 5. c5 Bg4 6. Ne5 Bh5 7. Qb3 Ra7 8. Bf4
Nbd7 9. Nxd7 Nxd7 10. e3 e5 11. Bg3 Be7 12. Be2 Bxe2 13. Nxe2 O-O 14. O-O Re8
15. Rfe1 Bh4 16. Qc3 Bxg3 17. Nxg3 g6 18. e4 Qe7 19. exd5 cxd5 20. b4 b6 21.
cxb6 Rb7 22. dxe5 Rxb6 23. a3 Re6 24. f4 f6 25. Qd3 fxe5 26. fxe5 Rxe5 27. Rxe5
Qxe5 28. Rd1 Nf6 29. Nf1 Qd6 30. Qd4 Re4 31. Qa7 1/2-1/2

[Event "III Mitropa Cup juniores"]
[Site "Saint Vincent - Chatillon ITA"]
[Date "2002.09.30"]
[Round "4"]
[White "Paehtz, Thomas sr"]
[Black "Isonzo, David"]
[Result "1/2-1/2"]
[WhiteElo "2455"]
[BlackElo "2337"]
[PlyCount "44"]
[EventDate "2002.09.28"]

1. e4 c5 2. Nf3 Nc6 3. d4 cxd4 4. Nxd4 e5 5. Nb5 a6 6. Nd6+ Bxd6 7. Qxd6 Qf6 8.
Qd1 Qg6 9. Nc3 d5 10. Nxd5 Qxe4+ 11. Be3 Nd4 12. Nc7+ Ke7 13. Rc1 Bg4 14. Qd3
Qxd3 15. Bxd3 Rd8 16. h3 Bh5 17. f4 f6 18. fxe5 fxe5 19. g4 Bg6 20. Bxg6 hxg6
21. c3 Ne6 22. Nxe6 Kxe6 1/2-1/2

[Event "III Mitropa Cup juniores"]
[Site "Saint Vincent - Chatillon ITA"]
[Date "2002.09.30"]
[Round "4"]
[White "Piscopo, Pierluigi"]
[Black "Lain, Luigi"]
[Result "1-0"]
[WhiteElo "2289"]
[BlackElo "2160"]
[PlyCount "151"]
[EventDate "2002.09.28"]

1. e4 e5 2. Nf3 Nc6 3. Nc3 Nf6 4. d4 Bb4 5. Nxe5 Nxe5 6. dxe5 Nxe4 7. Qg4 Nxc3
8. Qxb4 Nd5 9. Qg4 g6 10. Qd4 c6 11. Bc4 Qa5+ 12. Bd2 Qb6 13. Qxb6 Nxb6 14. Bb3
O-O 15. O-O Rd8 16. Bg5 Re8 17. Rfe1 a5 18. a4 c5 19. c3 c4 20. Bc2 Nd5 21.
Rad1 Nc7 22. h4 Ra6 23. Re4 Rb6 24. Bc1 Rc6 25. Rdd4 b5 26. axb5 Nxb5 27. Rxc4
Rxc4 28. Rxc4 Ba6 29. Re4 Bb7 30. Re3 Nc7 31. Bd2 Bc6 32. c4 a4 33. f4 Rb8 34.
Bc3 Ra8 35. f5 a3 36. bxa3 Rxa3 37. Rg3 Ra2 38. Bb1 Ra4 39. h5 Rxc4 40. hxg6
hxg6 41. fxg6 Nd5 42. g7 Rh4 43. e6 dxe6 44. Bb2 f6 45. Bg6 Ne7 46. Bxf6 Nxg6
47. Rxg6 Be8 48. Rg3 Rh6 49. Bb2 Rg6 50. Rh3 Rxg7 51. Bxg7 Kxg7 52. Kf2 Kf6 53.
Rf3+ Kg5 54. g3 Bc6 55. Rf8 Bd5 56. Rg8+ Kf5 57. Ke3 e5 58. g4+ Kf6 59. Re8 Bf7
60. Rf8 Kg7 61. Rb8 Kf6 62. Rb5 Be8 63. Ra5 Bd7 64. Kf3 Be6 65. Kg3 Bc4 66. Kh4
e4 67. g5+ Kg6 68. Rc5 Be2 69. Rc6+ Kg7 70. Kg3 Bh5 71. Kf4 Bf3 72. Kf5 e3 73.
Rc7+ Kg8 74. Re7 e2 75. Kf6 Bh5 76. g6 1-0

[Event "III Mitropa Cup juniores"]
[Site "Saint Vincent - Chatillon ITA"]
[Date "2002.10.01"]
[Round "5"]
[White "Bellaiche, Anthony"]
[Black "Flumbort, Andras"]
[Result "1/2-1/2"]
[WhiteElo "2369"]
[BlackElo "2437"]
[PlyCount "106"]
[EventDate "2002.09.28"]

1. e4 c5 2. Nf3 d6 3. d4 cxd4 4. Nxd4 Nf6 5. Nc3 a6 6. Bc4 e6 7. O-O b5 8. Bb3
Be7 9. Qf3 Qc7 10. Qg3 Nc6 11. Nf5 exf5 12. Qxg7 Rf8 13. Bg5 Qd8 14. exf5 Ne5
15. Rae1 Rg8 16. Bxf7+ Nxf7 17. Qxf6 Rxg5 18. Nd5 Ra7 19. Qd4 Rxf5 20. Ne3 Rc7
21. Nxf5 Bxf5 22. Qg7 Bg6 23. Re6 Kd7 24. Rfe1 Kc8 25. Rxg6 hxg6 26. Qxf7 g5
27. g3 Bf6 28. Qd5 Kb8 29. c3 Rc5 30. Qb3 Re5 31. Rd1 d5 32. a4 Qe8 33. axb5
axb5 34. Rf1 Qc6 35. Ra1 d4 36. cxd4 Rd5 37. Qc3 Qd7 38. Qa5 Bxd4 39. Qa8+ Kc7
40. Rc1+ Rc5 41. Qa7+ Kd6 42. Qb6+ Kd5 43. Rd1 Qg4 44. Qd8+ Kc4 45. b3+ Kc3 46.
Qa5+ Kxb3 47. Rb1+ Kc2 48. Qa2+ Kd3 49. Re1 Rc2 50. Qb3+ Kd2 51. Rf1 Qe2 52.
Qb4+ Kd3 53. Qxb5+ Ke4 1/2-1/2

[Event "III Mitropa Cup juniores"]
[Site "Saint Vincent - Chatillon ITA"]
[Date "2002.10.01"]
[Round "5"]
[White "Cernousek, Lukas"]
[Black "Piscopo, Pierluigi"]
[Result "1-0"]
[WhiteElo "2294"]
[BlackElo "2289"]
[PlyCount "103"]
[EventDate "2002.09.28"]

1. e4 c5 2. Nf3 e6 3. d4 cxd4 4. Nxd4 Nf6 5. Nc3 Nc6 6. Ndb5 d6 7. Bf4 e5 8.
Bg5 a6 9. Na3 b5 10. Bxf6 gxf6 11. Nd5 f5 12. c3 Bg7 13. exf5 Bxf5 14. Nc2 O-O
15. Nce3 Be6 16. Bd3 f5 17. O-O Ra7 18. a4 b4 19. cxb4 e4 20. Nf4 Bf7 21. Bc4
Be5 22. Ne6 Bxe6 23. Bxe6+ Kh8 24. Bxf5 d5 25. Qh5 Qf6 26. Bh3 Bxb2 27. Nxd5
Qd6 28. Rad1 Nxb4 29. Qe2 Nxd5 30. Qxb2+ Qf6 31. Qxf6+ Nxf6 32. a5 Kg7 33. Rd6
Re8 34. Be6 Ree7 35. Rc6 Ne8 36. Re1 Rec7 37. Rec1 Rcb7 38. Rb6 Rc7 39. Rcc6
Nd6 40. g3 Nb5 41. Rxc7+ Nxc7 42. Bf5 Nd5 43. Rd6 Nc3 44. Kg2 Re7 45. Rxa6 e3
46. fxe3 Nd1 47. e4 Ne3+ 48. Kf3 Nc4 49. Re6 Rb7 50. a6 Rb3+ 51. Kf4 Ra3 52.
Rc6 1-0

[Event "III Mitropa Cup juniores"]
[Site "Saint Vincent - Chatillon ITA"]
[Date "2002.10.01"]
[Round "5"]
[White "Isonzo, David"]
[Black "Ortega, Lexy"]
[Result "1-0"]
[WhiteElo "2337"]
[BlackElo "2467"]
[PlyCount "103"]
[EventDate "2002.09.28"]

1. e4 c5 2. Nf3 e6 3. d4 cxd4 4. Nxd4 a6 5. Bd3 Nf6 6. O-O d6 7. c4 g6 8. Nc3
Bg7 9. Nf3 Nc6 10. Bf4 Ng4 11. Be2 Nge5 12. Qd2 O-O 13. Rfd1 Nxf3+ 14. Bxf3 Nd4
15. Be2 f5 16. exf5 exf5 17. Bf1 Be6 18. Qe3 Qb6 19. Rxd4 Bxd4 20. Qxe6+ Rf7
21. Qe2 g5 22. Bxg5 f4 23. Nd5 f3 24. gxf3 Qxb2 25. Qxb2 Bxb2 26. Rb1 Bd4 27.
Bf4 Be5 28. Bxe5 dxe5 29. Re1 Rxf3 30. Rxe5 Raf8 31. Re2 Kh8 32. Bg2 Rd3 33.
Ne3 b5 34. c5 Rc3 35. Rc2 Rxc2 36. Nxc2 Rf5 37. c6 Rc5 38. Be4 a5 39. Kf1 Rc4
40. f3 Kg7 41. Ke2 Kf8 42. Kd3 Ke7 43. Ne3 Rc1 44. Nd5+ Kd6 45. c7 Rc5 46. Kd4
Rc4+ 47. Ke3 b4 48. Bf5 a4 49. c8=Q Rxc8 50. Bxc8 Kxd5 51. Kd3 a3 52. Kc2 1-0

[Event "III Mitropa Cup juniores"]
[Site "Saint Vincent - Chatillon ITA"]
[Date "2002.10.01"]
[Round "5"]
[White "Kuljasevic, Davorin"]
[Black "Langheinrich, Ferenc"]
[Result "0-1"]
[WhiteElo "2365"]
[BlackElo "2360"]
[PlyCount "120"]
[EventDate "2002.09.28"]

1. d4 d6 2. Nf3 Bg4 3. c4 c6 4. Nc3 Nf6 5. e4 Bxf3 6. Qxf3 e5 7. d5 Nbd7 8. Qd1
Be7 9. Be2 Nc5 10. Qc2 cxd5 11. exd5 a5 12. O-O O-O 13. b3 Ne8 14. f4 exf4 15.
Bxf4 Bg5 16. Bg3 Bh4 17. Bf4 Nc7 18. Rf3 Bg5 19. Bg3 g6 20. Bd3 Re8 21. Raf1
Re3 22. Rxe3 Bxe3+ 23. Kh1 Bd4 24. Qd2 Bg7 25. Bc2 f5 26. Ne2 Qd7 27. Nf4 Be5
28. Qf2 Re8 29. Qf3 Bd4 30. Bf2 Bxf2 31. Qxf2 Qg7 32. Qg3 Kh8 33. h4 Qf6 34. h5
Rg8 35. hxg6 hxg6 36. Re1 Rg7 37. Kg1 Kg8 38. Qe3 Kf7 39. a3 Rg8 40. b4 Re8 41.
Qf2 Rxe1+ 42. Qxe1 axb4 43. axb4 Nd7 44. Bd3 Qd4+ 45. Qf2 Qxf2+ 46. Kxf2 Na6
47. c5 dxc5 48. Bb5 Nf6 49. bxc5 Nxc5 50. Ke3 g5 51. Nh3 Nfe4 52. Kd4 Kf6 53.
d6 Ne6+ 54. Kd5 g4 55. Ng1 Nf4+ 56. Kd4 Nxd6 57. Bf1 Ne4 58. Ne2 Ne6+ 59. Ke3
Ke5 60. g3 b6 0-1

[Event "III Mitropa Cup juniores"]
[Site "Saint Vincent - Chatillon ITA"]
[Date "2002.10.02"]
[Round "6"]
[White "Flumbort, Andras"]
[Black "Kuljasevic, Davorin"]
[Result "1-0"]
[WhiteElo "2437"]
[BlackElo "2365"]
[PlyCount "101"]
[EventDate "2002.09.28"]

1. d4 d5 2. c4 c6 3. e3 Nf6 4. Nc3 a6 5. Qc2 e6 6. Nf3 c5 7. dxc5 Bxc5 8. cxd5
exd5 9. Be2 Nc6 10. O-O Be6 11. Na4 Bd6 12. Nc5 Qe7 13. Nxe6 fxe6 14. Nd4 Rc8
15. Qd1 O-O 16. Bf3 Ne5 17. Be2 Kh8 18. a4 Qd7 19. a5 Nc6 20. Qa4 e5 21. Nxc6
Qxc6 22. Qxc6 Rxc6 23. Rd1 Ne4 24. f3 Nc5 25. Ra3 d4 26. b4 Ne6 27. Rb3 Bc7 28.
b5 axb5 29. Bxb5 Rc3 30. Rxc3 dxc3 31. Bc4 Re8 32. Rd7 Bxa5 33. Rxb7 h5 34. Ra7
Bb4 35. Rb7 Ba5 36. Rb5 Bc7 37. Kf2 Nf8 38. Rb3 Ba5 39. Rb5 Bc7 40. Ke2 Rd8 41.
Rc5 Bd6 42. Rb5 Bc7 43. Bd5 Ng6 44. Be4 Nf8 45. Rc5 Ne6 46. Rxc3 Ba5 47. Ra3
Bb4 48. Ra4 Bc3 49. Rc4 Ba5 50. Rc6 Nc7 51. Rc5 1-0